[Event "Maia op 5th"]
[Site "Maia"]
[Date "2021.09.03"]
[Round "5"]
[White "Romano, Luis Miguel Pereira"]
[Black "Andrade, Ricardo Sarmento"]
[Result "1-0"]
[WhiteElo "2160"]
[BlackElo "1803"]
[PlyCount "73"]
[EventDate "2021.08.30"]
[EventType "swiss"]
[EventRounds "7"]
[EventCountry "POR"]
[SourceTitle "CBM 204 Extra"]
[Source "ChessBase"]
[SourceDate "2021.11.30"]
[SourceVersion "1"]
[SourceVersionDate "2021.11.30"]
[SourceQuality "1"]

1. d4 Nf6 2. c4 e6 3. g3 d5 4. Nf3 Be7 5. Bg2 0-0 6. 0-0 c6 7. Qc2 b6 8. Nbd2 Bb7 9. e4 Na6 10. Rd1 Rc8 11. b3 Rc7 12. Bb2 dxe4 13. Nxe4 Nxe4 14. Qxe4 c5 15. Qg4 f5 16. Qh5 Qe8 17. Qxe8 Rxe8 18. dxc5 bxc5 19. Rd2 Bf6 20. Ne5 Bxg2 21. Kxg2 Rd8 22. Rxd8+ Bxd8 23. Rd1 Be7 24. Bc3 Nb4 25. a3 Na6 26. Ba5 Rb7 27. Nc6 Bf6 28. b4 cxb4 29. axb4 Nb8 30. b5 Nd7 31. Bd8 Kf7 32. Na5 Rb8 33. Rxd7+ Ke8 34. Rxa7 Rxd8 35. Nc6 Rc8 36. Kf3 Bd8 37. Rxg7 1-0

[Event "Maia op 5th"]
[Site "Maia"]
[Date "2021.08.30"]
[Round "1"]
[White "Romano, Luis Miguel Pereira"]
[Black "Frolov, Ilya"]
[Result "1-0"]
[WhiteElo "2160"]
[BlackElo "1114"]
[PlyCount "49"]
[EventDate "2021.08.30"]
[EventType "swiss"]
[EventRounds "7"]
[EventCountry "POR"]
[SourceTitle "CBM 204 Extra"]
[Source "ChessBase"]
[SourceDate "2021.11.30"]
[SourceVersion "1"]
[SourceVersionDate "2021.11.30"]
[SourceQuality "1"]

1. e4 c5 2. Nf3 Nc6 3. Bb5 g6 4. 0-0 Bg7 5. Re1 e5 6. c3 d6 7. d4 cxd4 8. cxd4 a6 9. Bxc6+ bxc6 10. dxe5 dxe5 11. Qxd8+ Kxd8 12. Na3 Be6 13. Ng5 Ke7 14. Be3 Nf6 15. Bc5+ Ke8 16. Nxe6 fxe6 17. Rac1 Kf7 18. Nc4 Bf8 19. Nxe5+ Kg7 20. Bd4 Bb4 21. Ng4 Bxe1 22. Bxf6+ Kf7 23. Bxh8 Bxf2+ 24. Kxf2 Rxh8 25. Rxc6 1-0

[Event "POR-chT"]
[Site "Maia"]
[Date "2018.07.21"]
[Round "8.4"]
[White "Padeiro, Jose Joao Tato"]
[Black "Romano, Luis Miguel Pereira"]
[Result "0-1"]
[WhiteElo "2284"]
[BlackElo "2083"]
[PlyCount "128"]
[EventDate "2018.07.16"]
[EventType "team-tourn"]
[EventRounds "9"]
[EventCountry "POR"]
[SourceTitle "CBM 185 Extra"]
[Source "ChessBase"]
[SourceDate "2018.07.29"]
[SourceVersion "1"]
[SourceVersionDate "2018.07.29"]
[SourceQuality "1"]
[WhiteTeam "O Amanha da Crianca"]
[BlackTeam "CX A2D"]
[WhiteTeamCountry "POR"]
[BlackTeamCountry "POR"]

1. Nf3 d5 2. c4 e6 3. g3 Nf6 4. Bg2 Be7 5. 0-0 0-0 6. d4 c6 7. Qc2 b6 8. Nbd2 Bb7 9. e4 Na6 10. e5 Nd7 11. a3 c5 12. dxc5 Naxc5 13. b4 Na6 14. cxd5 Bxd5 15. Bb2 Qc8 16. Qb1 Qb7 17. Re1 Rac8 18. Ne4 Rfd8 19. Bf1 Nab8 20. Nfg5 Nf8 21. Nh3 Ng6 22. Nf4 Nxf4 23. gxf4 a5 24. bxa5 bxa5 25. Ng3 Bc5 26. Bc1 Qa7 27. Be3 Bxe3 28. fxe3 Nd7 29. Qb2 Nc5 30. Rad1 Qe7 31. e4 Ba8 32. Rxd8+ Qxd8 33. Qf2 Nd3 34. Bxd3 Qxd3 35. Qe3 Qc4 36. Rd1 g6 37. f5 exf5 38. Nxf5 Qe6 39. Nh6+ Kg7 40. Rf1 Rc7 41. Qf3 Qb6+ 42. Rf2 Qb1+ 43. Rf1 Qxe4 44. Qxe4 Bxe4 45. Ng4 Rc2 46. Rf4 Bc6 47. e6 fxe6 48. Ne5 Bd5 49. Rf7+ Kg8 50. Ra7 Rg2+ 51. Kf1 Rxh2 52. Ng4 Rh4 53. Nf6+ Kh8 54. Ke2 Be4 55. Ke3 Bf5 56. Rxa5 Kg7 57. Ne8+ Kf7 58. Ra8 h5 59. a4 Rh3+ 60. Kf4 e5+ 61. Kg5 Rg3+ 62. Kh6 h4 63. Nd6+ Ke6 64. Nc4 h3 0-1

[Event "POR-chT"]
[Site "Maia"]
[Date "2018.07.20"]
[Round "7.3"]
[White "Romano, Luis Miguel Pereira"]
[Black "Korneev, Oleg"]
[Result "0-1"]
[WhiteElo "2083"]
[BlackElo "2506"]
[PlyCount "58"]
[EventDate "2018.07.16"]
[EventType "team-tourn"]
[EventRounds "9"]
[EventCountry "POR"]
[SourceTitle "CBM 185 Extra"]
[Source "ChessBase"]
[SourceDate "2018.07.29"]
[SourceVersion "1"]
[SourceVersionDate "2018.07.29"]
[SourceQuality "1"]
[WhiteTeam "CX A2D"]
[BlackTeam "Gaia"]
[WhiteTeamCountry "POR"]
[BlackTeamCountry "POR"]

1. e4 c5 2. Nf3 e6 3. d4 cxd4 4. Nxd4 a6 5. Nc3 Qc7 6. Be3 Nf6 7. a3 b5 8. Bd3 Bb7 9. 0-0 h5 10. h3 Nc6 11. Qe2 Rc8 12. a4 b4 13. Nb1 Nxd4 14. Bxd4 e5 15. Be3 Qc6 16. Nd2 d5 17. f3 Bc5 18. Bxc5 Qxc5+ 19. Rf2 0-0 20. exd5 Qxd5 21. Bxa6 Bxa6 22. Qxa6 Rxc2 23. Ne4 Qd4 24. Nxf6+ gxf6 25. Raf1 Kg7 26. Qb7 Rfc8 27. Kh2 Rxf2 28. Rxf2 Rc1 29. Re2 h4 0-1

[Event "POR-chT"]
[Site "Maia"]
[Date "2018.07.19"]
[Round "6.3"]
[White "Iruzubieta Villaluenga, Jesus Maria"]
[Black "Romano, Luis Miguel Pereira"]
[Result "1-0"]
[WhiteElo "2439"]
[BlackElo "2083"]
[PlyCount "110"]
[EventDate "2018.07.16"]
[EventType "team-tourn"]
[EventRounds "9"]
[EventCountry "POR"]
[SourceTitle "CBM 185 Extra"]
[Source "ChessBase"]
[SourceDate "2018.07.29"]
[SourceVersion "1"]
[SourceVersionDate "2018.07.29"]
[SourceQuality "1"]
[WhiteTeam "Porto A"]
[BlackTeam "CX A2D"]
[WhiteTeamCountry "POR"]
[BlackTeamCountry "POR"]

1. e4 c5 2. Nf3 d6 3. d4 cxd4 4. Nxd4 Nf6 5. f3 e5 6. Nb3 d5 7. Bg5 d4 8. c3 Nc6 9. cxd4 Bb4+ 10. N1d2 exd4 11. Bd3 h6 12. Bh4 0-0 13. 0-0 Ne5 14. Nc4 Ng6 15. Bf2 b5 16. Na3 a6 17. Nc2 Bd6 18. Ncxd4 Nf4 19. Re1 Nxd3 20. Qxd3 Nh5 21. Rad1 Bb4 22. Rf1 Nf4 23. Qe3 Qg5 24. g3 Nh3+ 25. Kg2 Nxf2 26. Qxg5 hxg5 27. Rxf2 Re8 28. g4 Be7 29. Rc2 Bf6 30. Nc5 b4 31. Nc6 a5 32. e5 Be7 33. Nxe7+ Rxe7 34. Rd8+ Kh7 35. e6 fxe6 36. Ne4 Bb7 37. Nxg5+ Kg6 38. Rxa8 Bxa8 39. h4 Bd5 40. Rc5 Bxa2 41. Rxa5 Bd5 42. Kg3 Rc7 43. f4 Bc4 44. Ra8 Kf6 45. Rf8+ Ke7 46. Rf7+ Kd8 47. Rxc7 Kxc7 48. Nf3 Kd6 49. Ne5 Ba6 50. h5 Kc5 51. g5 Bb7 52. f5 Kd6 53. h6 gxh6 54. gxh6 Kxe5 55. h7 Kd5 1-0

[Event "POR CupT qf  39th"]
[Site "Portugal"]
[Date "2017.07.01"]
[Round "4.1"]
[White "Romano, Luis Miguel Pereira"]
[Black "Pereira, Carlos Miguel Silva"]
[Result "1/2-1/2"]
[WhiteElo "2041"]
[BlackElo "1938"]
[PlyCount "89"]
[EventDate "2017.03.11"]
[EventType "team-k.o."]
[EventRounds "6"]
[EventCountry "POR"]
[SourceTitle "EXT 2018"]
[Source "ChessBase"]
[SourceDate "2017.10.13"]
[SourceVersion "1"]
[SourceVersionDate "2017.10.13"]
[SourceQuality "1"]
[WhiteTeam "CX A2D"]
[BlackTeam "Profigaia"]
[WhiteTeamCountry "POR"]
[BlackTeamCountry "POR"]

1. e4 c5 2. Nc3 d6 3. Nge2 Nf6 4. d4 cxd4 5. Nxd4 a6 6. Bc4 e6 7. 0-0 Be7 8. Bb3 0-0 9. f4 Nc6 10. Kh1 Na5 11. f5 Nxb3 12. axb3 e5 13. Nde2 b5 14. Bg5 Ng4 15. Bxe7 Qxe7 16. Qe1 Bb7 17. Nd5 Bxd5 18. exd5 Rfc8 19. Rc1 Qb7 20. Nc3 Nf6 21. Ne4 Nxe4 22. Qxe4 f6 23. c3 a5 24. Rfd1 a4 25. Qb4 Qd7 26. Ra1 axb3 27. Qxb3 Qb7 28. Ra3 Rxa3 29. Qxa3 b4 30. Qb3 Rb8 31. c4 Ra8 32. c5 dxc5 33. d6+ Qf7 34. Qf3 Rd8 35. d7 c4 36. Qc6 h6 37. Qc7 Qe7 38. Qxc4+ Kh7 39. Qc6 e4 40. Qe6 Qc5 41. h3 Qc2 42. Re1 Qc7 43. Qxe4 Qxd7 44. Qxb4 Qxf5 45. Qe4 1/2-1/2

[Event "POR-chT"]
[Site "Porto"]
[Date "2016.08.18"]
[Round "7.19"]
[White "Romano, Luis Miguel Pereira"]
[Black "Nascimento, Carlos Manuel Lopes"]
[Result "1-0"]
[WhiteElo "2052"]
[BlackElo "1931"]
[PlyCount "71"]
[EventDate "2016.08.14"]
[EventType "team-tourn"]
[EventRounds "9"]
[EventCountry "POR"]
[SourceTitle "CBM 173 Extra"]
[Source "ChessBase"]
[SourceDate "2016.08.29"]
[SourceVersion "1"]
[SourceVersionDate "2016.08.29"]
[SourceQuality "1"]
[WhiteTeam "Didaxis"]
[BlackTeam "Casa do Xadrez"]
[WhiteTeamCountry "POR"]
[BlackTeamCountry "POR"]

1. e4 d6 2. d4 Nf6 3. Nc3 Nbd7 4. Nf3 e5 5. Bc4 Be7 6. 0-0 0-0 7. h3 c6 8. a4 Qc7 9. a5 h6 10. dxe5 dxe5 11. Nh4 Rd8 12. Nf5 Nf8 13. Qf3 Bxf5 14. Qxf5 N8h7 15. Be3 Bf8 16. g4 Kh8 17. h4 Qd7 18. Qxd7 Rxd7 19. f3 Bb4 20. Ne2 Ne8 21. c3 Be7 22. Rfd1 Rc7 23. Bxf7 Bxh4 24. Bxe8 Rxe8 25. Bxa7 Rf7 26. Kg2 Be7 27. Rd7 Ng5 28. Ng1 Ref8 29. Rxb7 Rd8 30. Be3 Rd3 31. a6 Rxe3 32. a7 Nxf3 33. a8Q+ Kh7 34. Rxe7 Nh4+ 35. Kh1 Rf2 36. Rxg7+ 1-0

[Event "Famalicao op 4th"]
[Site "Famalicao"]
[Date "2016.08.04"]
[Round "6"]
[White "Romano, Luis Miguel Pereira"]
[Black "Cadillon, Joao"]
[Result "1-0"]
[WhiteElo "2052"]
[BlackElo "1747"]
[PlyCount "85"]
[EventDate "2016.07.30"]
[EventType "swiss"]
[EventRounds "7"]
[EventCountry "POR"]
[SourceTitle "CBM 173 Extra"]
[Source "ChessBase"]
[SourceDate "2016.08.29"]
[SourceVersion "1"]
[SourceVersionDate "2016.08.29"]
[SourceQuality "1"]

1. e4 c5 2. Nf3 Nc6 3. d4 cxd4 4. Nxd4 Nf6 5. Nc3 e5 6. Ndb5 d6 7. Bg5 a6 8. Na3 b5 9. Nd5 Be7 10. Bxf6 Bxf6 11. c3 0-0 12. Nc2 Bg5 13. a4 Rb8 14. Ncb4 Nxb4 15. Nxb4 Bb7 16. axb5 axb5 17. h4 Bh6 18. Bxb5 Bxe4 19. Bf1 Rxb4 20. cxb4 Qb6 21. Qb3 g6 22. h5 Kg7 23. Ra6 Qd4 24. Qc3 Rc8 25. Qxd4 exd4 26. f3 Rc1+ 27. Kf2 Be3+ 28. Kg3 Bd3 29. Bxd3 Rxh1 30. hxg6 hxg6 31. Rxd6 f5 32. b5 Rh5 33. f4 Rh8 34. Kf3 Re8 35. g4 Bc1 36. Rxd4 Bxb2 37. Rd7+ Kf8 38. gxf5 gxf5 39. Bxf5 Rb8 40. Bd3 Rb6 41. Ke4 Bc3 42. Bc4 Bb2 43. Ra7 1-0

[Event "Famalicao op 4th"]
[Site "Famalicao"]
[Date "2016.07.30"]
[Round "1"]
[White "Soares, Paulo Samuel LO"]
[Black "Romano, Luis Miguel Pereira"]
[Result "0-1"]
[WhiteElo "1160"]
[BlackElo "2052"]
[PlyCount "48"]
[EventDate "2016.07.30"]
[EventType "swiss"]
[EventRounds "7"]
[EventCountry "POR"]
[SourceTitle "CBM 173 Extra"]
[Source "ChessBase"]
[SourceDate "2016.08.29"]
[SourceVersion "1"]
[SourceVersionDate "2016.08.29"]
[SourceQuality "1"]

1. e4 c5 2. Nc3 Nc6 3. Nf3 g6 4. Bc4 Bg7 5. 0-0 e6 6. d3 Nge7 7. Be3 d5 8. exd5 exd5 9. Bxd5 Nxd5 10. Bg5 Nde7 11. Re1 h6 12. Bxe7 Nxe7 13. Re2 0-0 14. Qe1 Nd5 15. Ne5 Be6 16. Nxd5 Bxd5 17. c4 Be6 18. Nf3 Qxd3 19. Ne5 Qf5 20. b4 Rae8 21. bxc5 Bxc4 22. Nxc4 Rxe2 23. Qxe2 Bxa1 24. Nd6 Qb1+ 0-1

[Event "Famalicao op 3rd"]
[Site "Famalicao"]
[Date "2015.08.06"]
[Round "6"]
[White "Silva, Ana Ines Teixeira D"]
[Black "Romano, Luis Miguel Pereira"]
[Result "0-1"]
[WhiteElo "1741"]
[BlackElo "2030"]
[PlyCount "84"]
[EventDate "2015.08.02"]
[EventType "swiss"]
[EventRounds "7"]
[EventCountry "POR"]
[SourceTitle "CBM 167 Extra"]
[Source "ChessBase"]
[SourceDate "2015.09.14"]
[SourceVersion "1"]
[SourceVersionDate "2015.09.14"]
[SourceQuality "1"]

1. e4 e5 2. Nf3 Nc6 3. d4 exd4 4. Nxd4 Bc5 5. Be3 Qf6 6. c3 Nge7 7. Bc4 Ne5 8. Be2 Qg6 9. 0-0 d6 10. Kh1 Qxe4 11. Nd2 Qg6 12. Bh5 Qd3 13. Be2 Qg6 14. Bh5 Qd3 15. Qb3 Bxd4 16. Bxd4 0-0 17. Rad1 N7c6 18. Nf3 Qf5 19. Nxe5 dxe5 20. Bc5 Qxh5 21. Bxf8 Kxf8 22. Qa3+ Kg8 23. Qc5 Bg4 24. f3 Be6 25. f4 Qf5 26. Rde1 exf4 27. Qxf5 Bxf5 28. Rxf4 Be6 29. Rfe4 g6 30. b3 Rd8 31. Kg1 h5 32. Kf2 Ne7 33. Rb4 b6 34. Ra4 a5 35. b4 axb4 36. cxb4 Rd4 37. Rc1 Nd5 38. Ra8+ Kg7 39. a3 Rd2+ 40. Kf1 Ne3+ 41. Ke1 Rxg2 42. Rxc7 Bg4 0-1

[Event "Famalicao op 3rd"]
[Site "Famalicao"]
[Date "2015.08.05"]
[Round "5"]
[White "Romano, Luis Miguel Pereira"]
[Black "Rodriguez Lopez, Rafael"]
[Result "0-1"]
[WhiteElo "2030"]
[BlackElo "2255"]
[PlyCount "94"]
[EventDate "2015.08.02"]
[EventType "swiss"]
[EventRounds "7"]
[EventCountry "POR"]
[SourceTitle "CBM 167 Extra"]
[Source "ChessBase"]
[SourceDate "2015.09.14"]
[SourceVersion "1"]
[SourceVersionDate "2015.09.14"]
[SourceQuality "1"]

1. d4 Nf6 2. c4 g6 3. Nc3 Bg7 4. e4 d6 5. Nf3 0-0 6. h3 Na6 7. Be3 e5 8. d5 Nh5 9. Nd2 Qe8 10. g3 f5 11. exf5 gxf5 12. Be2 Nf6 13. f4 exf4 14. Bxf4 Nh5 15. Nb3 Nxf4 16. gxf4 Qe3 17. Qd2 Qg3+ 18. Kd1 Bd7 19. a3 Qf2 20. Bd3 Qxd2+ 21. Kxd2 Kf7 22. Be2 Bh6 23. Bh5+ Kf6 24. Ke3 c5 25. dxc6 bxc6 26. Nd4 Nc5 27. b4 Ne6 28. Raf1 Rg8 29. Nxe6 Bxe6 30. Kd4 Rg3 31. Rf3 Rag8 32. Rhf1 Rxf3 33. Bxf3 c5+ 34. Ke3 Bxc4 35. Rd1 Re8+ 36. Kf2 Bxf4 37. Bd5 Re3 38. Bxc4 Rxc3 39. Be2 Rxa3 40. bxc5 Be3+ 41. Kg2 Bxc5 42. Rb1 f4 43. Rb8 Rg3+ 44. Kh2 Ke5 45. Rh8 Bg1+ 46. Kh1 Be3 47. Kh2 f3 0-1

[Event "POR-chT Districts"]
[Site "Pombal"]
[Date "2015.07.05"]
[Round "3.2"]
[White "Romano, Luis Miguel Pereira"]
[Black "Pires, Gustavo"]
[Result "1/2-1/2"]
[WhiteElo "2008"]
[BlackElo "2088"]
[PlyCount "90"]
[EventDate "2015.07.04"]
[EventType "team-swiss"]
[EventRounds "4"]
[EventCountry "POR"]
[SourceTitle "EXT 2018"]
[Source "ChessBase"]
[SourceDate "2017.10.13"]
[SourceVersion "1"]
[SourceVersionDate "2017.10.13"]
[SourceQuality "1"]
[WhiteTeam "Braga"]
[BlackTeam "Aveiro"]
[WhiteTeamCountry "POR"]
[BlackTeamCountry "POR"]

1. d4 Nf6 2. c4 e6 3. Nc3 Bb4 4. f3 d5 5. a3 Bxc3+ 6. bxc3 0-0 7. e3 c5 8. Bd3 Nc6 9. Ne2 dxc4 10. Bxc4 e5 11. Bb5 cxd4 12. Bxc6 bxc6 13. cxd4 exd4 14. Qxd4 Qe7 15. a4 Rd8 16. Ba3 Qe8 17. Qc5 Ba6 18. Qe7 Qxe7 19. Bxe7 Re8 20. Bxf6 Rxe3 21. Ra2 Rae8 22. Bd4 Rxe2+ 23. Rxe2 Rxe2+ 24. Kd1 Bc4 25. Re1 Rxe1+ 26. Kxe1 Bb3 27. Bxa7 Bxa4 28. Kd2 f5 29. Ke3 Kf7 30. Kf4 Ke6 31. Ke3 Kd5 32. f4 Kc4 33. g3 Bc2 34. Bd4 g6 35. Be5 Be4 36. Bf6 Kb3 37. Kd2 Kc4 38. Ke3 Kd5 39. Be5 c5 40. Bg7 c4 41. Bf6 Ke6 42. Bc3 Kf7 43. Bb2 Bd3 44. Bc3 h6 45. h4 h5 1/2-1/2

[Event "POR CupT 1/8f-1/4f"]
[Site "Madeira, Torres Novas"]
[Date "2015.05.24"]
[Round "4.1"]
[White "Romano, Luis Miguel Pereira"]
[Black "Duarte, Duarte Nuno Nog"]
[Result "1-0"]
[WhiteElo "1960"]
[BlackElo "1956"]
[PlyCount "98"]
[EventDate "2015.05.23"]
[EventType "team-k.o."]
[EventRounds "6"]
[EventCountry "POR"]
[SourceTitle "EXT 2018"]
[Source "ChessBase"]
[SourceDate "2017.10.13"]
[SourceVersion "1"]
[SourceVersionDate "2017.10.13"]
[SourceQuality "1"]
[WhiteTeam "CX A2D"]
[BlackTeam "O Amanha da Crianca"]
[WhiteTeamCountry "POR"]
[BlackTeamCountry "POR"]

1. d4 d5 2. c4 e6 3. Nc3 Nf6 4. cxd5 exd5 5. Bg5 Be7 6. e3 h6 7. Bh4 0-0 8. Qc2 c6 9. Bd3 Bg4 10. f3 Be6 11. Nge2 Nbd7 12. 0-0 Nh5 13. Bf2 f5 14. Rae1 Bd6 15. h3 Qg5 16. f4 Qe7 17. Kh1 g5 18. fxg5 Qxg5 19. Nf4 Rae8 20. Nce2 Re7 21. Nxh5 Qxh5 22. Bg3 Bxg3 23. Nxg3 Qg5 24. Ne2 Nf6 25. Nf4 Ne4 26. Rf3 Bc8 27. Kh2 Rg7 28. b4 a6 29. a4 Qe7 30. Qb2 b5 31. axb5 axb5 32. Ref1 Bd7 33. Bxe4 fxe4 34. Rg3 Rxg3 35. Kxg3 Ra8 36. Kh2 Ra4 37. Rb1 Bf5 38. Qc3 Qd6 39. Qe1 Kh7 40. Qh4 Ra3 41. Qf2 Ra4 42. Qe1 Qe7 43. Kh1 Ra3 44. Qg3 Qg5 45. Qe1 Kg7 46. Rc1 Bd7 47. Rxc6 Kh7 48. Rc5 h5 49. Rxd5 Qe7 1-0

[Event "Coimbra Queima das Fitas op"]
[Site "Coimbra"]
[Date "2015.05.02"]
[Round "4"]
[White "Pinto, Artur Daniel Moreir"]
[Black "Romano, Luis Miguel Pereira"]
[Result "0-1"]
[WhiteElo "1578"]
[BlackElo "1989"]
[PlyCount "92"]
[EventDate "2015.04.30"]
[EventType "swiss"]
[EventRounds "7"]
[EventCountry "POR"]
[SourceTitle "EXT 2018"]
[Source "ChessBase"]
[SourceDate "2017.10.13"]
[SourceVersion "1"]
[SourceVersionDate "2017.10.13"]
[SourceQuality "1"]

1. f4 g6 2. Nf3 Bg7 3. e4 d5 4. e5 Bg4 5. d4 c5 6. Bb5+ Nc6 7. Bxc6+ bxc6 8. c3 Qb6 9. 0-0 Nh6 10. Na3 Nf5 11. Nc2 cxd4 12. Ncxd4 0-0 13. Qb3 Bxf3 14. Qxb6 axb6 15. Nxf3 h5 16. Nd4 Nxd4 17. cxd4 c5 18. Be3 Rfc8 19. Rfc1 c4 20. Bd2 e6 21. Bb4 Ra4 22. a3 Rca8 23. Bd6 Bf8 24. Bxf8 Kxf8 25. g3 b5 26. Rab1 b4 27. axb4 Rxb4 28. Kf2 Rab8 29. Ke3 Rb3+ 30. Kd2 Rxb2+ 31. Rxb2 Rxb2+ 32. Rc2 Rxc2+ 33. Kxc2 Ke7 34. Kd2 h4 35. g4 f5 36. g5 Kd7 37. Kc3 Kc6 38. Kb4 Kb6 39. h3 Kc6 40. Ka4 c3 41. Kb3 Kb5 42. Kxc3 Ka4 43. Kc2 Kb4 44. Kd3 Kb3 45. Kd2 Kc4 46. Ke3 Kc3 0-1

[Event "POR-ch prel"]
[Site "Lisbon"]
[Date "2015.03.12"]
[Round "7"]
[White "Romano, Luis Miguel Pereira"]
[Black "Bray, Jose Manuel"]
[Result "1-0"]
[WhiteElo "1960"]
[BlackElo "1890"]
[PlyCount "77"]
[EventDate "2015.03.08"]
[EventType "swiss"]
[EventRounds "9"]
[EventCountry "POR"]
[SourceTitle "EXT 2018"]
[Source "ChessBase"]
[SourceDate "2017.10.13"]
[SourceVersion "1"]
[SourceVersionDate "2017.10.13"]
[SourceQuality "1"]

1. Nf3 d5 2. c4 Nf6 3. cxd5 Nxd5 4. g3 c6 5. Bg2 Bf5 6. 0-0 g6 7. d3 Nb6 8. a4 a5 9. Qb3 Be6 10. Qc3 Rg8 11. Ng5 Qc8 12. Nxe6 Qxe6 13. e4 Bg7 14. Qc2 Na6 15. Be3 Nb4 16. Qe2 Nd7 17. d4 f5 18. Nc3 fxe4 19. Nxe4 h6 20. Bf4 Kd8 21. Qd1 g5 22. Nc5 Nxc5 23. dxc5+ Nd5 24. Re1 Qd7 25. Be5 Bxe5 26. Rxe5 e6 27. Qe2 Ke7 28. Qc2 Rg7 29. Rae1 Nc7 30. Rd1 Qe8 31. Qb3 Kf6 32. Re3 Rd8 33. Qc3+ Kf7 34. Rxd8 Qxd8 35. Qxa5 Ke7 36. h3 Rg6 37. Qb4 Qa8 38. Qe4 Rf6 39. Qh7+ 1-0

[Event "POR-ch prel"]
[Site "Lisbon"]
[Date "2015.03.11"]
[Round "6"]
[White "Cordovil, Joao Maria"]
[Black "Romano, Luis Miguel Pereira"]
[Result "1-0"]
[WhiteElo "2154"]
[BlackElo "1960"]
[PlyCount "107"]
[EventDate "2015.03.08"]
[EventType "swiss"]
[EventRounds "9"]
[EventCountry "POR"]
[SourceTitle "EXT 2018"]
[Source "ChessBase"]
[SourceDate "2017.10.13"]
[SourceVersion "1"]
[SourceVersionDate "2017.10.13"]
[SourceQuality "1"]

1. d4 Nf6 2. Nf3 e6 3. Bf4 c5 4. c3 Qb6 5. Qb3 cxd4 6. Qxb6 axb6 7. Nxd4 Be7 8. Nd2 d5 9. Nb5 0-0 10. Nc7 Ra4 11. Nxd5 Nxd5 12. Bxb8 Bd7 13. Be5 Bc6 14. e4 Nf6 15. f3 Nd7 16. Bd4 b5 17. Bd3 b4 18. Bc2 Ra6 19. cxb4 Bxb4 20. a3 Ba4 21. Bxa4 Rxa4 22. Be3 f5 23. exf5 exf5 24. Ke2 Bxd2 25. Bxd2 Re8+ 26. Kd1 Nc5 27. Bc3 Nb3 28. Rb1 Nd4 29. Re1 Rd8 30. Bxd4 Raxd4+ 31. Ke2 Rd2+ 32. Kf1 Rc8 33. Red1 Rdc2 34. Re1 Kf7 35. Re2 Rxe2 36. Kxe2 Rc2+ 37. Kf1 Kf6 38. a4 h5 39. b4 h4 40. a5 Ra2 41. Rd1 Rb2 42. Rd6+ Ke5 43. Rb6 Rb1+ 44. Ke2 Rb2+ 45. Kd3 Rxg2 46. Rxb7 Kf4 47. a6 Rxh2 48. Rxg7 Ra2 49. b5 Kxf3 50. a7 h3 51. b6 h2 52. Rh7 f4 53. Rxh2 Ra3+ 54. Kc4 1-0

[Event "POR-ch prel"]
[Site "Lisbon"]
[Date "2015.03.08"]
[Round "2"]
[White "Vasques, Antonio Pedro Freix"]
[Black "Romano, Luis Miguel Pereira"]
[Result "1-0"]
[WhiteElo "2237"]
[BlackElo "1960"]
[PlyCount "73"]
[EventDate "2015.03.08"]
[EventType "swiss"]
[EventRounds "9"]
[EventCountry "POR"]
[SourceTitle "EXT 2018"]
[Source "ChessBase"]
[SourceDate "2017.10.13"]
[SourceVersion "1"]
[SourceVersionDate "2017.10.13"]
[SourceQuality "1"]

1. e4 c5 2. Nc3 a6 3. Nge2 e6 4. g3 b5 5. Bg2 Bb7 6. 0-0 Nf6 7. e5 Bxg2 8. Kxg2 Ng4 9. f4 Nh6 10. d4 d5 11. exd6 Qxd6 12. dxc5 Qc6+ 13. Rf3 Bxc5 14. Nd4 Qb7 15. Qd3 0-0 16. Nb3 Ba7 17. a4 b4 18. Ne4 Nf5 19. Nec5 Qc7 20. Qe4 Nd7 21. Nxa6 Qb6 22. Nxb4 Nh4+ 23. gxh4 Qg1+ 24. Kh3 Nf6 25. Rg3 Qxg3+ 26. hxg3 Nxe4 27. Nc6 Bf2 28. Nd2 Nf6 29. Kg2 Bb6 30. b4 Kh8 31. a5 Nd5 32. Nb3 Bc7 33. c4 Nxb4 34. Nxb4 Rfb8 35. Bd2 Rxb4 36. Bxb4 Rb8 37. a6 1-0

[Event "Lisbon Christmas op"]
[Site "Lisbon"]
[Date "2014.12.28"]
[Round "5"]
[White "Romano, Luis Miguel Pereira"]
[Black "Halfhide, Sebastian"]
[Result "1/2-1/2"]
[WhiteElo "1938"]
[BlackElo "2068"]
[PlyCount "66"]
[EventDate "2014.12.26"]
[EventType "swiss"]
[EventRounds "9"]
[EventCountry "POR"]
[SourceTitle "EXT 2018"]
[Source "ChessBase"]
[SourceDate "2017.10.13"]
[SourceVersion "1"]
[SourceVersionDate "2017.10.13"]
[SourceQuality "1"]

1. e4 e5 2. Nf3 Nc6 3. Bb5 a6 4. Ba4 Nf6 5. 0-0 b5 6. Bb3 Bb7 7. c3 Nxe4 8. Qe2 Nc5 9. Nxe5 Nxe5 10. Qxe5+ Ne6 11. d4 Bd6 12. Qh5 0-0 13. Bd5 Bxd5 14. Qxd5 f5 15. Nd2 Qb8 16. Nf3 c6 17. Qb3 Qc7 18. Bd2 Kh8 19. c4 c5 20. cxb5 c4 21. Qa4 axb5 22. Qxb5 Rab8 23. Qd5 Rxb2 24. Ba5 Qc6 25. Qxc6 dxc6 26. Rfc1 Ra8 27. Be1 Ra4 28. g3 c5 29. dxc5 Bxc5 30. Nd2 h6 31. Rxc4 Raxa2 32. Rxa2 Rxa2 33. Nb3 Re2 1/2-1/2